| 000 | 00446nam a2200193Ia 4500 | ||
|---|---|---|---|
| 008 | 170918s9999 xx 000 0 und d | ||
| 020 | _a9780590442442 | ||
| 050 | _bS757 1991 | ||
| 100 | _aSpinelli, Jerry | ||
| 245 | _aFourth grade rats / | ||
| 245 | _cby Jerry Spinelli. | ||
| 260 | _aNew York : | ||
| 260 | _bScholastic, | ||
| 260 | _c1991 | ||
| 300 | _a84 pages : | ||
| 300 | _billustrations ; | ||
| 300 | _c19cm. | ||
| 500 | _a340 | ||
| 999 |
_c344185 _d344185 |
||